[Event "Swedish Elitserien 2021-22"]
[Site "Sodertalje"]
[Date "2022.05.15"]
[Round "9.3"]
[White "Lindgren, Philip"]
[Black "Cramling, Pia"]
[Result "1/2-1/2"]
[WhiteElo "2369"]
[BlackElo "2458"]
[Annotator "TA"]
[PlyCount "199"]
[EventDate "2022.05.13"]
[EventType "team-tourn"]
[EventCountry "SWE"]
[SourceTitle "playchess.com"]
[Source "ChessBase"]
[SourceQuality "1"]

{[%evp 9,199,0,17,20,43,37,29,8,4,10,9,-4,2,-8,0,0,0,0,1,13,21,0,7,0,8,0,12,0,53,28,53,44,62,52,50,31,29,28,44,26,32,32,37,6,9,7,19,0,37,25,36,18,26,27,76,39,43,0,47,43,52,46,47,0,57,20,60,60,60,60,66,60,60,60,60,60,66,66,66,66,66,60,60,60,66,60,60,57,57,57,57,57,57,57,57,58,59,57,57,57,57,54,54,61,54,53,68,68,68,68,70,53,96,96,96,96,96,96,96,4,5,0,104,104,194,181,217,201,223,224,224,224,213,224,224,224,224,224,224,18,18,0,224,222,252,6,6,6,6,6,10,6,6,6,6,6,6,0,6,0,6,6,6,6,6,0,0,0,0,0,6,0,6,6,6,6,6,6,6,6,6,0,0,0,6,6,6,6,6,6,6,6]} 1. d4 {[%emt 0:00:03]} Nf6 {[%emt 0:04:04]} 2. c4 {[%emt 0:00:20]} e6 {[%emt 0:00:21]} 3. Nf3 {[%emt 0:00:55]} d5 {[%emt 0:01:19]} 4. g3 {[%emt 0:00:27]} Bb4+ {[%emt 0:05:42]} 5. Bd2 {[%emt 0:00:52]} Bd6 {[%emt 0:02:49]} 6. Qc2 {[%emt 0:02:42] E01: Catalan: Early deviations.} Nc6 {[%emt 0:06:03]} 7. Bg2 {[%emt 0:09:33]} O-O {[%emt 0:01:11]} 8. c5 {[%emt 0:14:45] White has an edge.} Be7 {[%emt 0:00:23]} 9. O-O {[%emt 0:00:49]} Ne4 {[%emt 0:08:00] [#]} 10. Nc3 $146 {[%emt 0:07:15]} ({Predecessor:} 10. b4 Bf6 11. Bc3 Nxc3 12. Qxc3 Re8 13. b5 Nxd4 14. Nxd4 e5 15. Nc2 d4 16. Qd3 {1-0 (42) Caballero Quijano,M (1867)-Nazarova,A (1760) Al Ain 2013}) 10... f5 {[%emt 0:20:30]} 11. Rab1 {[%emt 0:11:07]} Bf6 {[%emt 0:02:06]} 12. e3 {[%emt 0:00:39]} e5 {[%emt 0:08:38]} 13. dxe5 {[%emt 0:06:37]} Nxe5 {[%emt 0:00:08]} 14. Nxe5 {[%emt 0:01:30]} Bxe5 {[%emt 0:00:08]} 15. Rfd1 {[%emt 0:13:23][%cal Rc3e4]} c6 {[%emt 0:02:34]} 16. Ne2 {[%emt 0:00:39]} Qe7 {[%emt 0:04:14]} 17. b4 {[%emt 0:00:55]} Bd7 {[%emt 0:02:44]} 18. Bc1 {[%emt 0:01:04][%cal Bd2c1,Bc1b2,Bb2a1][%mdl 32]} h6 {[%emt 0:07:56]} (18... a5 $11) 19. Bb2 {[%emt 0:02:53]} Bc7 {[%emt 0:00:24]} 20. Nf4 {[%emt 0:02:26]} Be8 {[%emt 0:01:29] Against Ng6} 21. Ba1 {[%emt 0:01:02]} a6 {[%emt 0:05:14]} 22. Qb2 {[%emt 0:01:10][%cal Ob2g7]} Nf6 {[%emt 0:00:13]} 23. Qd4 {[%emt 0:03:34]} Rd8 {[%emt 0:03:32]} 24. a4 {[%emt 0:01:33]} Kh7 {[%emt 0:02:01]} 25. Bh3 {[%emt 0:06:04]} Bd7 {[%emt 0:00:30]} 26. Re1 {[%emt 0:03:17]} Rde8 {[%emt 0:05:12]} 27. Nd3 {[%emt 0:01:07]} Ne4 {[%emt 0:00:32]} 28. Qb2 {[%emt 0:02:09] Inhibits Nd2.} Qf7 {[%emt 0:01:37]} 29. Bg2 {[%emt 0:00:27]} Re7 {[%emt 0:00:43]} 30. Qc2 {[%emt 0:01:38]} Rfe8 {[%emt 0:00:41]} 31. Bd4 {[%emt 0:00:55]} Nf6 {[%emt 0:01:23]} (31... h5 $11) 32. Bf3 {[%emt 0:01:10][%cal Ob4b5]} Kg8 {[%emt 0:00:33]} 33. Kg2 {[%emt 0:00:47]} Ng4 {[%emt 0:00:41]} (33... g5 $11 {should be considered.}) 34. h4 $1 $14 {[%emt 0:01:24]} Ne5 {[%emt 0:00:33]} 35. Nxe5 {[%emt 0:00:50]} Bxe5 {[%emt 0:00:01]} 36. Qd2 {[%emt 0:01:47]} (36. Bxe5 $14 {feels stronger.} Rxe5 37. Red1) 36... Kh7 {[%emt 0:02:41]} (36... Bxd4 $11 37. exd4 f4) 37. h5 {[%emt 0:00:36]} Qf6 {[%emt 0:01:00]} 38. Bxe5 {[%emt 0:00:33]} Rxe5 {[%emt 0:00:07]} 39. Rh1 {[%emt 0:00:30][%cal Be1h1,Bh1h4,Bh4d4][%mdl 32]} R8e7 {[%emt 0:01:12]} 40. Rh4 {[%emt 0:00:26]} Qf8 {[%emt 0:00:22]} 41. Rd4 {[%emt 0:06:15]} Qc8 {[%emt 0:04:08]} 42. Qc3 {[%emt 0:01:24]} Kh8 {[%emt 0:00:43]} 43. Rh1 {[%emt 0:01:19][%cal Bb1h1,Bh1h4,Bh4f4][%mdl 32]} Qe8 {[%emt 0:04:19]} 44. Rhh4 {[%emt 0:02:52] White is more active.} Qc8 {[%emt 0:00:28]} 45. Rhf4 {[%emt 0:01:07]} Qe8 {[%emt 0:00:17]} 46. Qb3 {[%emt 0:02:32]} Qc8 {[%emt 0:00:34]} 47. Rd2 {[%emt 0:00:54]} Qe8 {[%emt 0:03:06]} 48. Rfd4 {[%emt 0:00:17]} Qf7 {[%emt 0:00:34]} 49. Qd1 {[%emt 0:02:12]} Kh7 {[%emt 0:01:35]} 50. Kg1 {[%emt 0:02:07]} Qf8 {[%emt 0:05:05]} 51. Rf4 {[%emt 0:02:57]} Qc8 {[%emt 0:00:47]} 52. Rdd4 {[%emt 0:00:27]} Kh8 {[%emt 0:00:23]} 53. Be2 {[%emt 0:00:51]} Re4 {[%emt 0:01:33]} 54. Bd3 {[%emt 0:00:38]} Rxd4 {[%emt 0:00:23]} 55. exd4 {[%emt 0:05:24]} Qe8 {[%emt 0:01:51]} 56. Qf3 {[%emt 0:00:06]} Rf7 {[%emt 0:05:50]} 57. Kf1 {[%emt 0:01:52][%cal Rd3f5,Bg1f1,Bf1e2,Be2f3,Bf3f4][%mdl 32] Inhibits Qe1+.} ({Of course not} 57. Bxf5 Bxf5 58. Rxf5 Rxf5 59. Qxf5 Qe1+ 60. Kh2 Qxb4 $11) 57... Qe6 {[%emt 0:00:40]} 58. Qe2 {[%emt 0:03:17]} Qxe2+ {[%emt 0:03:06]} 59. Kxe2 {[%emt 0:00:10][%mdl 4096] Endgame KRB-KRB} Kg8 $1 {[%emt 0:00:04]} 60. Rh4 {[%emt 0:03:47]} Kf8 {[%emt 0:00:39]} 61. Kf3 {[%emt 0:00:34]} Ke7 {[%emt 0:00:49]} 62. Kf4 {[%emt 0:00:28]} Kf6 {[%emt 0:00:05]} 63. Rh1 {[%emt 0:00:04] Hoping for Re1.} Re7 {[%emt 0:00:07] Inhibits Re1.} 64. Rb1 {[%emt 0:00:06]} (64. f3 $16) 64... Be8 $1 $11 {[%emt 0:01:06]} 65. Rh1 {[%emt 0:00:38]} (65. Bxf5 $11 Re2 66. g4) 65... Bd7 $16 {[%emt 0:00:12]} 66. f3 {[%emt 0:00:47]} Bc8 {[%emt 0:03:37]} (66... Re8 $16) 67. b5 $18 {[%emt 0:00:21]} axb5 {[%emt 0:00:21]} 68. axb5 {[%emt 0:00:07]} Bd7 {[%emt 0:00:33]} 69. bxc6 {[%emt 0:01:07]} bxc6 {[%emt 0:00:06]} 70. Rb1 {[%emt 0:00:20]} Be8 {[%emt 0:01:05]} 71. Rb6 {[%emt 0:00:18]} ({And not} 71. Bxf5 Bxh5 72. g4 Be8 $11) 71... Rc7 {[%emt 0:00:12]} 72. Bb5 $1 {[%emt 0:01:09]} ({Less strong is} 72. Bxf5 Bxh5 73. Bd3 g5+ 74. Ke3 Be8 $14) 72... Ke6 {[%emt 0:01:18]} 73. Ba4 {[%emt 0:00:30]} Kf6 {[%emt 0:00:33]} 74. Bb3 $2 {[%emt 0:00:37]} (74. Ra6 $1 $18) 74... Ke6 $1 $11 {[%emt 0:00:12]} (74... Bxh5 $2 75. Bxd5 g5+ 76. Ke3 $18) 75. Ba4 $2 {[%emt 0:00:33]} (75. g4 $11) 75... Kf6 $18 {[%emt 0:00:12] [#]} 76. Ra6 $1 {[%emt 0:00:26]} Ke6 {[%emt 0:00:16] [#]} 77. Bc2 $2 {[%emt 0:00:29]} (77. g4 $1 $18) 77... Bxh5 $11 {[%emt 0:00:20] The position is equal.} 78. Bxf5+ {[%emt 0:00:11]} Kf6 {[%emt 0:00:02] And now ...g5+ would win.} 79. g4 {[%emt 0:00:41]} Be8 {[%emt 0:01:09]} 80. Bd3 {[%emt 0:00:16]} g5+ {[%emt 0:00:39]} 81. Ke3 {[%emt 0:00:16]} h5 {[%emt 0:00:21]} 82. gxh5 {[%emt 0:00:13]} Bxh5 {[%emt 0:00:04]} 83. Bb5 {[%emt 0:00:52]} Be8 {[%emt 0:00:07]} (83... Re7+ $2 84. Kf2 $18) 84. Ba4 {[%emt 0:00:29]} Bd7 {[%emt 0:00:32]} 85. Kf2 {[%emt 0:00:28]} Be8 {[%emt 0:00:50]} 86. Kg3 {[%emt 0:00:08]} Bd7 {[%emt 0:00:08]} 87. f4 {[%emt 0:00:46]} gxf4+ {[%emt 0:00:57]} 88. Kxf4 {[%emt 0:00:05]} Rc8 {[%emt 0:01:22]} 89. Ra7 {[%emt 0:01:08]} Ke6 {[%emt 0:00:25]} 90. Ra6 {[%emt 0:01:07]} Ke7 {[%emt 0:00:43]} 91. Ke3 {[%emt 0:00:36]} Kd8 {[%emt 0:00:29]} 92. Kd2 {[%emt 0:00:30]} Kc7 {[%emt 0:00:13]} 93. Ra7+ {[%emt 0:00:10]} Kd8 {[%emt 0:00:01]} 94. Kc3 {[%emt 0:00:33]} Rb8 {[%emt 0:00:37]} 95. Ra6 {[%emt 0:00:27]} Kc7 {[%emt 0:00:07]} 96. Ra7+ {[%emt 0:00:06]} Rb7 {[%emt 0:00:58]} 97. Rxb7+ {[%emt 0:00:15]} Kxb7 {[%emt 0:00:02]} 98. Bc2 {[%emt 0:00:07]} Bg4 {[%emt 0:00:28]} 99. Bd3 {[%emt 0:00:22]} Bf3 {[%emt 0:00:42]} 100. Kd2 {[%emt 0:00:19] Weighted Error Value: White=0.08 (flawless) /Black=0.11 (very precise)} 1/2-1/2

[Event "Swedish Elitserien 2021-22"]
[Site "Sodertalje"]
[Date "2022.05.15"]
[Round "9.4"]
[White "Engqvist, Thomas"]
[Black "Brynell, Stellan"]
[Result "1/2-1/2"]
[WhiteElo "2332"]
[BlackElo "2401"]
[Annotator "TA"]
[PlyCount "70"]
[EventDate "2022.05.13"]
[EventType "team-tourn"]
[EventCountry "SWE"]
[SourceTitle "playchess.com"]
[Source "ChessBase"]
[SourceQuality "1"]

{[%evp 19,70,11,20,-3,-4,0,18,0,0,0,0,0,14,0,0,-6,0,0,16,0,0,-34,-36,-22,-20,-22,-5,-10,-7,-91,-97,-79,-32,-19,-19,-22,-20,-24,-23,-25,-25,-27,-4,-14,0,0,0,0,0,0,0,0,0]} 1. d4 {[%emt 0:02:22]} Nf6 {[%emt 0:00:34]} 2. c4 {[%emt 0:00:13]} e6 {[%emt 0:00:07]} 3. Nf3 {[%emt 0:00:06]} d5 {[%emt 0:00:14]} 4. Nc3 {[%emt 0:01:01]} c5 {[%emt 0:00:37]} 5. cxd5 {[%emt 0:00:38]} Nxd5 {[%emt 0:00:05]} 6. e4 {[%emt 0:00:25]} Nxc3 {[%emt 0:00:05]} 7. bxc3 {[%emt 0:00:06]} cxd4 {[%emt 0:00:04]} 8. cxd4 {[%emt 0:00:05]} Bb4+ {[%emt 0:00:06]} 9. Bd2 {[%emt 0:00:05]} Bxd2+ {[%emt 0:00:05]} 10. Qxd2 {[%emt 0:00:04]} O-O {[%emt 0:00:10]} 11. a4 {[%emt 0:03:51] D41: Queen's Gambit Declined: Semi-Tarrasch with 5 cxd5.} b6 {[%emt 0:21:32] [#]} 12. Bb5 $146 {[%emt 0:08:30]} ({Predecessor:} 12. a5 bxa5 13. Qxa5 Bb7 14. Bd3 Nc6 15. Qc5 a5 16. O-O Nb4 17. Bb1 Ra6 18. Re1 Qa8 {1-0 (26) Tsydypov,Z (2545)-Avalyan,A (2347) Moscow 2019}) 12... a6 {[%emt 0:01:29]} 13. Be2 {[%emt 0:02:40]} Bb7 {[%emt 0:02:52]} 14. Qe3 {[%emt 0:01:40]} Nc6 {[%emt 0:04:48]} 15. O-O {[%emt 0:00:41]} Nb4 {[%emt 0:00:43] [#] Threatens to win with ...Nc2.} 16. Rab1 {[%emt 0:06:17]} a5 {[%emt 0:00:27]} 17. Bc4 {[%emt 0:06:32]} Rc8 {[%emt 0:16:03]} 18. Rbc1 {[%emt 0:00:30]} Qe7 {[%emt 0:09:25]} 19. Bb3 {[%emt 0:26:29]} (19. Ne5 {keeps more tension.} f6 20. Nd3 Rxc4 21. Rxc4 Nxd3 22. Qxd3 Ba6 23. Rfc1) 19... Ba6 {[%emt 0:08:03]} 20. Rxc8 {[%emt 0:05:01]} Rxc8 {[%emt 0:00:10]} 21. Rc1 {[%emt 0:00:54] Against Nc2} Rxc1+ {[%emt 0:06:34]} 22. Qxc1 {[%emt 0:03:21]} h6 {[%emt 0:00:08]} 23. h3 {[%emt 0:08:01]} b5 {[%emt 0:04:40]} 24. Qd1 {[%emt 0:08:25]} (24. axb5 $11 {keeps the balance.} Bxb5 25. Ne5) 24... bxa4 $17 {[%emt 0:03:00]} 25. Bxa4 {[%emt 0:00:05]} Bb7 {[%emt 0:01:53]} (25... Bd3 $17 26. Qe1 Qb7) 26. Qe2 {[%emt 0:02:50]} Qc7 {[%emt 0:01:46] And now ...Qc1+ would win.} 27. Qe3 {[%emt 0:00:11] Against Qc1+} Bc6 {[%emt 0:02:03]} 28. Qc3 {[%emt 0:06:49] [#] aiming for Ne5.} Qb7 {[%emt 0:01:41]} 29. Bxc6 {[%emt 0:00:06]} Qxc6 $11 {[%emt 0:00:05][%mdl 4096] Endgame KQN-KQN} 30. Qa3 {[%emt 0:04:04]} Qb5 {[%emt 0:07:46]} 31. Ne5 $1 {[%emt 0:00:48] Against Nd3. The position is equal.} f6 {[%emt 0:00:39]} 32. Ng6 {[%emt 0:00:55]} Kf7 {[%emt 0:01:11]} 33. Nh8+ {[%emt 0:00:30]} Kg8 {[%emt 0:01:12]} 34. Ng6 {[%emt 0:00:05]} Kf7 {[%emt 0:05:13]} 35. Nh8+ {[%emt 0:00:05]} Kg8 {[%emt 0:00:11] Weighted Error Value: White=0.11 (very precise) /Black=0.06 (flawless)} 1/2-1/2

[Event "Swedish Elitserien 2021-22"]
[Site "Sodertalje"]
[Date "2022.05.15"]
[Round "9.5"]
[White "Schneider, Stefan"]
[Black "Wessman, Richard"]
[Result "1-0"]
[WhiteElo "2364"]
[BlackElo "2422"]
[Annotator "TA"]
[PlyCount "209"]
[EventDate "2022.05.13"]
[EventType "team-tourn"]
[EventCountry "SWE"]
[SourceTitle "playchess.com"]
[Source "ChessBase"]
[SourceQuality "1"]

{[%evp 19,209,10,16,6,16,15,0,0,23,15,32,33,50,59,50,55,56,16,23,23,17,18,21,20,32,32,51,52,36,20,22,20,93,91,102,100,102,97,100,82,86,83,83,72,74,68,74,0,72,71,72,66,64,0,0,0,72,58,96,91,151,147,193,192,214,198,197,65,137,152,204,210,252,252,252,252,252,252,231,231,225,218,204,171,164,155,160,165,164,151,161,133,193,181,216,159,177,85,85,85,85,79,79,18,79,79,88,41,62,29,29,29,32,8,22,8,8,8,14,14,39,18,18,18,18,22,39,8,14,14,14,14,25,8,8,8,8,8,8,8,8,8,76,0,0,0,76,76,76,76,76,76,76,76,76,76,76,76,76,76,76,76,76,76,76,76,76,76,76,76,76,76,76,76,78,78,78,78,79,79,79,78,79,78,29991,29992,29992,29993,29993,29994,29996,29997]} 1. d4 {[%emt 0:00:04]} d5 {[%emt 0:03:46]} 2. Nf3 {[%emt 0:00:16]} Nf6 {[%emt 0:00:51]} 3. c4 {[%emt 0:00:14]} c6 {[%emt 0:00:06]} 4. e3 {[%emt 0:00:21]} e6 {[%emt 0:01:29][%cal Be7e6,Be6e5][%mdl 32]} 5. Bd3 {[%emt 0:00:57]} Nbd7 {[%emt 0:03:06]} 6. O-O {[%emt 0:00:09]} Bd6 {[%emt 0:00:36]} 7. Nbd2 {[%emt 0:02:30]} O-O {[%emt 0:01:20]} 8. e4 {[%emt 0:05:43]} e5 {[%emt 0:09:13]} 9. cxd5 {[%emt 0:04:52]} cxd5 {[%emt 0:00:29]} 10. exd5 {[%emt 0:10:51]} exd4 {[%emt 0:00:27]} 11. Nc4 {[%emt 0:17:56] Against Ne5. D30: Queen's Gambit Declined: Systems without Nc3.} Nb6 {[%emt 0:07:17] 11...Nb6 is better than 11...Bc5.} 12. Nxd6 {[%emt 0:07:02]} Qxd6 {[%emt 0:01:22]} 13. Nxd4 {[%emt 0:00:20] The position is equal.} Bg4 {[%emt 0:26:27]} 14. Qb3 {[%emt 0:08:58] [#]} Rad8 $146 {[%emt 0:03:38]} ({Predecessor:} 14... Qxd5 15. Qxd5 Nbxd5 16. h3 Nb4 17. Bc4 Rac8 18. b3 Rfd8 19. hxg4 Rxd4 20. g5 Nfd5 {1-0 (50) Crouch,C (2353)-Purdon,C (2116) Sunningdale 2008}) 15. h3 {[%emt 0:11:06]} Bd7 {[%emt 0:05:22]} 16. Nb5 {[%emt 0:12:14]} Bxb5 {[%emt 0:11:28]} 17. Bxb5 {[%emt 0:00:16]} Nbxd5 {[%emt 0:00:45]} 18. Bg5 {[%emt 0:02:27]} a6 {[%emt 0:03:19]} 19. Be2 {[%emt 0:04:12]} Qe5 {[%emt 0:04:50][%csl LRe2,LRg5]} 20. Bxf6 {[%emt 0:00:36]} Nxf6 {[%emt 0:00:21]} 21. Bf3 {[%emt 0:00:04]} Rd7 {[%emt 0:01:09]} 22. Rad1 {[%emt 0:02:16]} Rxd1 {[%emt 0:03:19]} 23. Rxd1 {[%emt 0:00:07]} b5 {[%emt 0:00:09]} 24. Qb4 {[%emt 0:01:39]} h5 {[%emt 0:01:48]} 25. b3 {[%emt 0:01:38]} Rc8 {[%emt 0:00:16]} (25... Re8 $11) 26. Qd6 $16 {[%emt 0:02:28]} Qc3 {[%emt 0:02:37]} 27. Qxa6 {[%emt 0:00:57]} b4 {[%emt 0:00:08]} 28. Qe2 {[%emt 0:00:38] White is more active.} g6 {[%emt 0:02:18]} 29. Qd2 {[%emt 0:00:21]} Kg7 {[%emt 0:01:02]} 30. Qxc3 {[%emt 0:01:25]} (30. Kf1 {looks sharper.} Qc5 31. g4 hxg4 32. hxg4 Rc7 33. Qf4) 30... Rxc3 {[%emt 0:00:52][%mdl 4096] Endgame KRB-KRN} 31. Rd4 {[%emt 0:02:14]} Rc1+ {[%emt 0:00:09]} 32. Kh2 {[%emt 0:00:02]} Rc2 {[%emt 0:00:12][%csl LRa2,LRf2]} 33. Kg1 {[%emt 0:00:13]} (33. Rxb4 $16 {And now a4 would win.} Rxa2 34. Kg3) 33... Rxa2 {[%emt 0:00:49]} (33... Rc1+ $1 $11 34. Kh2 Rc2) 34. Rxb4 {[%emt 0:01:12]} Ra1+ {[%emt 0:00:14]} 35. Kh2 {[%emt 0:00:05]} Ra2 {[%emt 0:00:04]} 36. Kg1 {[%emt 0:00:18]} Ra1+ $1 {[%emt 0:00:06]} 37. Kh2 {[%emt 0:00:05]} Ra2 {[%emt 0:00:02]} 38. Kg3 {[%emt 0:00:50]} g5 {[%emt 0:00:23]} 39. h4 {[%emt 0:01:18]} g4 {[%emt 0:00:13]} (39... gxh4+ $142 40. Rxh4 Kg6) 40. Bb7 {[%emt 0:01:05]} Ne8 {[%emt 0:02:01]} (40... Rc2 $16 {was called for.} 41. Rb5 Rd2) 41. f3 $1 $18 {[%emt 0:02:20]} f5 {[%emt 0:00:51]} 42. fxg4 {[%emt 0:10:27]} hxg4 {[%emt 0:00:50]} 43. h5 {[%emt 0:10:15]} ({Better is} 43. Kf4 $1 $18 {[%cal Rf4f5]}) 43... Nf6 {[%emt 0:12:48] [#]} (43... Kf6 $1 $14) 44. Kh4 $1 $16 {[%emt 0:00:05]} Ra1 {[%emt 0:00:13]} (44... Rf2 $16 45. Rb6 Rf1) 45. Kg5 $18 {[%emt 0:03:34]} Rf1 {[%emt 0:00:23]} 46. h6+ {[%emt 0:01:25]} Kf7 {[%emt 0:00:05]} 47. Rf4 {[%emt 0:01:02]} Rh1 {[%emt 0:00:34][%csl Gf6][%cal Rh1h5]} 48. Rxf5 {[%emt 0:00:20]} Rh5+ {[%emt 0:00:11]} 49. Kf4 {[%emt 0:00:06]} Rxh6 {[%emt 0:00:06]} 50. Ba6 {[%emt 0:02:08]} Rh2 {[%emt 0:00:56]} 51. Kg3 {[%emt 0:02:08]} Rh1 {[%emt 0:00:36]} 52. Rf1 {[%emt 0:00:03] Prevents Rd1.} Rh8 {[%emt 0:01:07]} 53. b4 {[%emt 0:01:35][%cal Bb3b4,Bb4b5][%mdl 32]} Kg6 {[%emt 0:00:06]} 54. Bd3+ {[%emt 0:00:26]} Kf7 {[%emt 0:00:10]} 55. b5 {[%emt 0:01:03]} Rd8 {[%emt 0:00:03]} (55... Ke6 $16 56. Kf4 Nd5+ 57. Ke4 (57. Kxg4 Ne3+ 58. Kf3 Nxf1 $11) 57... Nf6+ 58. Kd4 Rd8+ 59. Kc4 Nd5) 56. Be2 {[%emt 0:00:56]} Ke7 {[%emt 0:00:45]} 57. Rb1 {[%emt 0:00:49]} ({Worse is} 57. Bxg4 Rg8 $11) 57... Rb8 {[%emt 0:00:39]} 58. Bxg4 {[%emt 0:00:25]} (58. Rb4 $18 {has better winning chances.}) 58... Ne4+ $16 {[%emt 0:01:09]} 59. Kf4 {[%emt 0:00:15]} Nc3 {[%emt 0:00:04][%csl LRb1,LRb5]} 60. Re1+ {[%emt 0:00:24]} Kf6 {[%emt 0:00:23]} 61. Rc1 {[%emt 0:00:23]} ({White should try} 61. Bd7 $16 {Hoping for Bc6.} Nxb5 62. Re6+ Kf7 63. Re2) 61... Nxb5 {[%emt 0:00:22]} (61... Nd5+ $11 62. Ke4 Rxb5) 62. Rb1 {[%emt 0:00:26]} Ke7 {[%emt 0:02:12]} 63. Ke5 {[%emt 0:00:10]} (63. Bf5 $16 {Black must now prevent g4.} Rb7 64. Be4) 63... Rg8 $14 {[%emt 0:02:03]} 64. Bf3 {[%emt 0:00:50]} ({Of course not} 64. Rxb5 Rxg4 65. Rb7+ Ke8 $11) (64. Re1 $5) 64... Rg5+ {[%emt 0:02:14]} 65. Kf4 {[%emt 0:00:02]} Kf6 {[%emt 0:01:07]} 66. g4 {[%emt 0:00:31]} Rc5 {[%emt 0:00:19]} 67. Be2 {[%emt 0:00:30]} Nd4 {[%emt 0:00:33]} 68. Rb6+ {[%emt 0:00:06]} Ne6+ {[%emt 0:00:10]} 69. Kg3 {[%emt 0:00:04]} Rc2 {[%emt 0:02:26]} 70. Bd1 {[%emt 0:00:39]} Rc3+ {[%emt 0:00:54]} 71. Kh4 {[%emt 0:00:02] Bb3 is the strong threat.} Ke5 {[%emt 0:00:20]} 72. Rb5+ {[%emt 0:01:05]} Rc5 {[%emt 0:01:03]} 73. Rb4 {[%emt 0:01:13]} Rc1 {[%emt 0:02:56]} 74. Bf3 {[%emt 0:00:04]} Nd4 {[%emt 0:00:11]} 75. Bb7 {[%emt 0:00:17]} Rc2 {[%emt 0:07:08]} 76. Kg5 {[%emt 0:01:22]} Ne6+ {[%emt 0:00:18]} 77. Kg6 {[%emt 0:00:09]} Nf4+ {[%emt 0:00:12]} 78. Kh6 {[%emt 0:00:37] White threatens Re4+ and mate.} Rh2+ {[%emt 0:00:20]} 79. Kg7 {[%emt 0:00:20]} Ne6+ {[%emt 0:00:20]} 80. Kg6 {[%emt 0:00:28]} Nf4+ {[%emt 0:01:04]} (80... Nf8+ $11 {remains equal.} 81. Kf7 Rf2+ 82. Kg8 Ne6) 81. Kg5 {[%emt 0:00:13] Threatening mate with Re4+.} (81. Kf7 $5 {[%cal Rb4e4]} Nh3 82. Re4+ Kd6 83. Rb4 $14) 81... Ne6+ {[%emt 0:00:27]} 82. Kg6 {[%emt 0:00:02]} Nf4+ {[%emt 0:00:48]} 83. Kf7 {[%emt 0:00:12]} Rh7+ {[%emt 0:00:24]} 84. Kg8 {[%emt 0:00:08]} Rh4 {[%emt 0:01:51]} 85. Re4+ {[%emt 0:00:05]} Kf6 {[%emt 0:00:04]} 86. Rxf4+ $16 {[%emt 0:00:12] KRB-KR} Kg5 {[%emt 0:00:02]} 87. Rf1 {[%emt 0:01:15] Threatens to win with Bc8.} Rxg4 {[%emt 0:00:06]} 88. Kg7 {[%emt 0:00:22]} Rc4 {[%emt 0:01:27]} 89. Bd5 {[%emt 0:00:18]} Rc7+ {[%emt 0:00:29]} 90. Bf7 {[%emt 0:00:02]} Ra7 {[%emt 0:00:09]} 91. Rb1 {[%emt 0:00:17]} Rc7 {[%emt 0:01:02]} 92. Rb5+ {[%emt 0:00:08]} Kf4 {[%emt 0:00:07]} 93. Kf6 {[%emt 0:00:07]} Rc6+ {[%emt 0:00:12]} 94. Be6 {[%emt 0:00:04]} Ra6 {[%emt 0:00:44]} 95. Rb4+ {[%emt 0:00:04]} Ke3 {[%emt 0:00:07]} 96. Ke5 {[%emt 0:00:04]} Ra7 {[%emt 0:03:15]} 97. Rb3+ {[%emt 0:00:07]} Kd2 {[%emt 0:00:09]} 98. Kd4 {[%emt 0:01:57]} Rg7 {[%emt 0:00:14]} 99. Rb2+ {[%emt 0:00:19]} Kc1 {[%emt 0:00:11]} 100. Rf2 {[%emt 0:00:54]} Kb1 {[%emt 0:03:13]} 101. Bc4 {[%emt 0:01:15] White wants to mate with Kc3.} Rg4+ $2 {[%emt 0:02:32][%mdl 8192] This move loses the game for Black.} (101... Rd7+ $16 102. Kc3 Kc1 103. Rh2 Rd8 104. Ra2 Rb8 105. Ba6 Rb6 106. Bd3 Rc6+ 107. Bc4 Rxc4+ 108. Kxc4 Kd1) 102. Kc3 {[%emt 0:00:06][%cal Rf2f1] White mates.} Rg3+ {[%emt 0:00:08] [#]} 103. Bd3+ $1 {[%emt 0:00:31]} Ka1 {[%emt 0:01:36]} 104. Rf4 {[%cal Rf4a4]} Rg2 {[%emt 0:00:20]} 105. Rf1+ {[%emt 0:00:20] Weighted Error Value: White=0.13 (very precise) /Black=0.15 (very precise)} 1-0